El lunes de Las Navas [ (Record no. 86336)

MARC details
000 -LEADER
campo de control de longitud fija 00691nam a2200181 i 4500
001 - NÚMERO DE CONTROL
campo de control 86336
003 - IDENTIFICADOR DE NÚMERO DE CONTROL
campo de control ES-MaACL
007 - CAMPO FIJO DE DESCRIPCIÓN FÍSICA--INFORMACIÓN GENERAL
campo de control de longitud fija t|
008 - DATOS DE LONGITUD FIJA--INFORMACIÓN GENERAL
campo de control de longitud fija 041228s2004 sp ||||1| spa d
080 ## - NÚMERO DE LA CLASIFICACIÓN DECIMAL UNIVERSAL
Número de la Clasificación Decimal Universal 94(460)"1212"(086.8)
245 03 - MENCIÓN DEL TÍTULO
Título El lunes de Las Navas [
Medio Recurso electrónico] /
Mención de responsabilidad, etc. según una idea original de Carlos Vara Thorbeck.
260 ## - PUBLICACIÓN, DISTRIBUCIÓN, ETC.
Lugar de publicación, distribución, etc. Málaga :
Nombre del editor, distribuidor, etc. Centro de Tecnología de la Imagen, Universidad de Málaga,
Fecha de publicación, distribución, etc. [2004]
300 ## - DESCRIPCIÓN FÍSICA
Extensión 1 Dvd ;
Dimensiones 12 cm.
500 ## - NOTA GENERAL
Nota general Viene de regalo con la revista "La aventura de la Historia", nº 65 (marzo) 2004.
650 14 - PUNTO DE ACCESO ADICIONAL DE MATERIA--TÉRMINO DE MATERIA
Término de materia o nombre geográfico como elemento de entrada Navas de Tolosa, Batalla de, 1212-
Subdivisión de forma DVD.
9 (RLIN) 15495
700 1# - ENTRADA AGREGADA--NOMBRE PERSONAL
Nombre de persona Vara Thorbeck, Carlos.
9 (RLIN) 113113
852 ## - LOCALIZACIÓN
Ubicación ES-MaACL
Número de control de estantería ROT 1/5/20
Holdings
Estatus retirado Estado de pérdida Fuente del sistema de clasificación o colocación Estado de daño No para préstamo Biblioteca de origen Biblioteca actual Ubicación en estantería Fecha de adquisición Total de préstamos Signatura topográfica completa Código de barras Visto por última vez Precio de reemplazo Tipo de ítem Koha
    Clasificación decimal universal     Biblioteca del Ateneo de Madrid Biblioteca del Ateneo de Madrid Depósito 17/01/2008   ROT 1/5/20 1090205 23/02/2023 23/02/2023 Archivo de ordenador en CD-ROM, CD o disquete